| 000 | 00530nam a2200205 4500 | ||
|---|---|---|---|
| 003 | OSt | ||
| 005 | 20240620073524.0 | ||
| 006 | a | ||
| 008 | 240620b |||||||| |||| 00| 0 eng d | ||
| 020 | _a9712704327 | ||
| 040 |
_aDWCL-Main lib. _cOC |
||
| 082 | _aCirc. 512 F163p 1995 | ||
| 100 | _aFair, Jan | ||
| 245 | _aPrentice hall algebra / | ||
| 260 |
_an.J. : _bPrentice Hall, _cc1995. |
||
| 300 |
_axii, _b664 p. : ill. ; _c24 cm. |
||
| 504 | _aIncludes index. | ||
| 650 | _a1. Algebra. | ||
| 942 |
_2ddc _n0 _cBK-CIRC _kCirc. |
||
| 999 |
_c1004 _d1004 |
||